Cosmic perspectives (Record no. 9969)
[ view plain ]
| 000 -LEADER | |
|---|---|
| fixed length control field | 00763nam a2200229Ia 4500 |
| 003 - CONTROL NUMBER IDENTIFIER | |
| control field | IN-BaIIA |
| 005 - DATE AND TIME OF LATEST TRANSACTION | |
| control field | 20250703112826.0 |
| 008 - FIXED-LENGTH DATA ELEMENTS--GENERAL INFORMATION | |
| fixed length control field | 211028s9999 xx 000 0 eng d |
| 020 ## - INTERNATIONAL STANDARD BOOK NUMBER | |
| International Standard Book Number | 0-521-34354-2 |
| 040 ## - CATALOGING SOURCE | |
| Transcribing agency | IIA Library |
| 080 ## - UNIVERSAL DECIMAL CLASSIFICATION NUMBER | |
| Universal Decimal Classification number | 524.8 |
| Item number | BIS |
| 100 ## - MAIN ENTRY--PERSONAL NAME | |
| Personal name | Biswas, S. K. |
| 9 (RLIN) | 16458 |
| 245 #0 - TITLE STATEMENT | |
| Title | Cosmic perspectives |
| Remainder of title | essays dedicated to the memory of M.K.V. Bappu |
| Statement of responsibility, etc. | S. K. Biswas, D C V Mallik, and C V Vishveshwara |
| 260 ## - PUBLICATION, DISTRIBUTION, ETC. | |
| Place of publication, distribution, etc. | Cambridge |
| Name of publisher, distributor, etc. | Cambridge University Press |
| Date of publication, distribution, etc. | 1989 |
| 300 ## - PHYSICAL DESCRIPTION | |
| Extent | xix, 249p. |
| 650 ## - SUBJECT ADDED ENTRY--TOPICAL TERM | |
| Topical term or geographic name entry element | Astronomy |
| 9 (RLIN) | 80 |
| 650 ## - SUBJECT ADDED ENTRY--TOPICAL TERM | |
| Topical term or geographic name entry element | Astronomy and Astrophysics Thesaurus |
| 650 ## - SUBJECT ADDED ENTRY--TOPICAL TERM | |
| Topical term or geographic name entry element | Cosmic Physics |
| 9 (RLIN) | 11148 |
| 700 ## - ADDED ENTRY--PERSONAL NAME | |
| Personal name | Mallik, D C V |
| 9 (RLIN) | 16460 |
| 700 ## - ADDED ENTRY--PERSONAL NAME | |
| Personal name | Vishveshwara, C V |
| 942 ## - ADDED ENTRY ELEMENTS (KOHA) | |
| Koha item type | Books |
| Source of classification or shelving scheme | Dewey Decimal Classification |
| Withdrawn status | Lost status | Source of classification or shelving scheme | Damaged status | Not for loan | Home library | Current library | Shelving location | Date acquired | Cost, normal purchase price | Total Checkouts | Full call number | Barcode | Date last seen | Cost, replacement price | Price effective from | Koha item type | Purchase Price |
|---|---|---|---|---|---|---|---|---|---|---|---|---|---|---|---|---|---|
| Dewey Decimal Classification | IIA Library-Bangalore | IIA Library-Kodaikanal | General Stacks | 354.00 | 524.8/ BIS | 10879 | 05/11/2021 | 354.00 | Books | Rs. 354 |